[Event "11th LCC FIDE Open 2019"]
[Site "London"]
[Date "2019.12.05"]
[Round "8.22"]
[White "Czerw, Dawid"]
[Black "Bucher, Grant W"]
[Result "1/2-1/2"]
[WhiteElo "2255"]
[BlackElo "2121"]
[Annotator "TA"]
[PlyCount "72"]
[EventDate "2019.11.29"]
[EventType "swiss"]
[EventCountry "ENG"]
[SourceTitle "playchess.com"]
[Source "ChessBase"]
[SourceQuality "1"]

{[%evp 9,72,6,28,0,10,2,3,7,8,12,11,0,15,0,11,-7,1,0,15,-20,-6,-17,0,-21,-11,-9,-9,-12,-4,-25,-6,-15,-30,-30,-19,-31,0,0,0,0,0,-91,-85,-79,-51,-60,-52,-62,0,0,17,20,21,14,23,12,87,47,47,47,36,0,46,0,31]} 1. d4 Nf6 2. c4 g6 3. Nc3 d5 4. Nf3 Bg7 5. Bg5 Ne4 6. h4 {D91: Grünfeld: 4 Nf3 Bg7 5 Bg5} ({Wrong is} 6. Nxd5 $2 Nxg5 7. Nxg5 e6 $19) (6. Bf4 Nxc3 7. bxc3 c5 8. cxd5 Qxd5 9. e3 O-O 10. Be2 cxd4 11. cxd4 Nc6 12. O-O Bf5 13. Qa4 Qa5 14. Qxa5 Nxa5 15. Nd2 Rac8 16. Rfc1 Rxc1+ 17. Rxc1 Rc8 18. Rxc8+ Bxc8 19. Bf3 Nc6 20. Bxc6 bxc6 {½-½ (44) Aronian,L (2758)-Vachier Lagrave,M (2774) Khanty-Mansiysk 2019}) 6... c5 7. cxd5 Nxc3 8. bxc3 {Black should prevent e4.} Qxd5 9. e3 cxd4 10. exd4 Nc6 11. Be2 O-O 12. O-O h6 $146 ({Predecessor:} 12... Bf5) 13. Be3 Rd8 14. h5 g5 $1 ({Don't blunder} 14... Qxh5 $2 15. Ng5 $18) 15. Nd2 (15. c4 $5 {[%cal Rc4d5]} Qf5 16. d5 $11) 15... Qa5 16. Qb3 Be6 17. Qxb7 Qxc3 18. Rac1 Nxd4 19. Rxc3 Nxe2+ 20. Kh1 Nxc3 21. a3 Nd5 22. Nf3 Nxe3 23. fxe3 Bf6 24. Nd4 Bd5 25. Nc6 {[#]} (25. Qc7 $11) 25... Kg7 $1 $17 26. Qb5 a6 (26... Bxc6 $5 27. Qxc6 Rac8 $15) 27. Qa4 $1 Rd6 28. Nd4 {Strongly threatening Nf5+.} Bxd4 (28... Be4 $15) 29. Qxd4+ $11 Kg8 {[#] aiming for ...Bxg2+!} (29... f6 $5 {[%cal Rd5g2]} 30. Qc5 Bf7 $11) 30. Qe5 Be6 31. Rc1 Rad8 32. Rc7 R6d7 (32... Rd5 $11 {remains equal.} 33. Qc3 Rd3) 33. Rxd7 Rxd7 34. Qb8+ Kg7 35. Qe5+ {[%mdl 1024] White has compensation.} Kg8 36. Qb8+ Kg7 $1 {Accuracy: White = 31%, Black = 52%.} 1/2-1/2

[Event "11th LCC FIDE Open 2019"]
[Site "London"]
[Date "2019.12.05"]
[Round "8.23"]
[White "Berry, Neil"]
[Black "Tanmay Chopra"]
[Result "1/2-1/2"]
[WhiteElo "2250"]
[BlackElo "2082"]
[Annotator "NA"]
[PlyCount "50"]
[EventDate "2019.11.29"]
[EventType "swiss"]
[EventCountry "ENG"]
[SourceTitle "playchess.com"]
[Source "ChessBase"]
[SourceQuality "1"]
[TimeControl "40/5400+30:1800+30"]

1. d4 {[%emt 0:01:26]} Nf6 {[%emt 0:00:25]} 2. c4 {[%emt 0:00:19]} e6 {[%emt 0:00:44]} 3. Nf3 {[%emt 0:00:16]} b6 {[%emt 0:00:49]} 4. a3 {[%emt 0:01:39]} Bb7 {[%emt 0:00:18]} 5. Nc3 {[%emt 0:00:25]} d5 {[%emt 0:00:10]} 6. cxd5 {[%emt 0:00:55]} Nxd5 {[%emt 0:01:20]} 7. Qc2 {[%emt 0:00:25]} Be7 {[%emt 0:00:06]} 8. e4 {[%emt 0:01:47]} Nxc3 {[%emt 0:00:04]} 9. bxc3 {[%emt 0:00:07]} O-O {[%emt 0:00:15]} 10. Bd3 {[%emt 0:09:18]} c5 {[%emt 0:00:11]} 11. O-O {[%emt 0:02:52]} Qc8 {[%emt 0:03:55]} 12. d5 {[%emt 0:28:30]} c4 {[%emt 0:02:54]} 13. Be2 {[%emt 0:00:07]} exd5 {[%emt 0:00:51]} 14. exd5 {[%emt 0:02:03]} Bxd5 {[%emt 0:00:15]} 15. Rd1 {[%emt 0:00:22]} Qb7 {[%emt 0:05:14]} 16. Bg5 {[%emt 0:11:30]} Be4 {[%emt 0:06:17]} 17. Qd2 {[%emt 0:02:09]} Na6 {[%emt 0:12:25]} 18. Bxe7 {[%emt 0:09:39]} Qxe7 {[%emt 0:00:04]} 19. Qe3 {[%emt 0:00:31]} Nc5 {[%emt 0:04:55]} 20. Bxc4 {[%emt 0:04:11]} Qf6 {[%emt 0:03:31]} 21. Nd4 {[%emt 0:02:36]} Rac8 {[%emt 0:03:29]} 22. a4 {[%emt 0:05:12]} Bb7 {[%emt 0:00:48]} 23. Bb5 {[%emt 0:10:38]} a6 {[%emt 0:00:57]} 24. Bd3 {[%emt 0:01:30]} Rfe8 {[%emt 0:08:52]} 25. Qh3 {[%emt 0:00:08]} Nxd3 {[%emt 0:06:20]} 1/2-1/2

[Event "11th LCC FIDE Open 2019"]
[Site "London"]
[Date "2019.12.05"]
[Round "8.24"]
[White "Seymour, Timothy P"]
[Black "Lee, Qing Aun"]
[Result "1/2-1/2"]
[WhiteElo "2107"]
[BlackElo "2228"]
[Annotator "NA"]
[PlyCount "57"]
[EventDate "2019.11.29"]
[EventType "swiss"]
[EventCountry "ENG"]
[SourceTitle "playchess.com"]
[Source "ChessBase"]
[SourceQuality "1"]
[TimeControl "40/5400+30:1800+30"]

1. c4 {[%emt 0:00:00]} e6 {[%emt 0:00:30]} 2. Nf3 {[%emt 0:00:16]} Nf6 {[%emt 0:00:21]} 3. e3 {[%emt 0:00:19]} d5 {[%emt 0:00:19]} 4. Nc3 {[%emt 0:00:16]} c5 {[%emt 0:01:56]} 5. cxd5 {[%emt 0:00:19]} Nxd5 {[%emt 0:00:14]} 6. d4 {[%emt 0:03:52]} cxd4 {[%emt 0:02:19]} 7. exd4 {[%emt 0:00:37]} Nc6 {[%emt 0:01:21]} 8. Bd3 {[%emt 0:00:51]} Be7 {[%emt 0:01:46]} 9. O-O {[%emt 0:00:15]} O-O {[%emt 0:00:47]} 10. Re1 {[%emt 0:00:07]} Nxc3 {[%emt 0:13:25]} 11. bxc3 {[%emt 0:00:12]} Bf6 {[%emt 0:07:36]} 12. h4 {[%emt 0:15:49]} Bxh4 {[%emt 0:19:11]} 13. Nxh4 {[%emt 0:11:25]} Qxh4 {[%emt 0:00:08]} 14. Re4 {[%emt 0:00:55]} Qd8 {[%emt 0:02:10]} 15. Qh5 {[%emt 0:24:49]} g6 {[%emt 0:00:19]} 16. Qh6 {[%emt 0:03:08]} f5 {[%emt 0:01:21]} 17. Bg5 {[%emt 0:02:28]} Qe8 {[%emt 0:11:14]} 18. Re3 {[%emt 0:02:24]} Qf7 {[%emt 0:13:00]} 19. Rae1 {[%emt 0:02:00]} Bd7 {[%emt 0:05:45]} 20. d5 {[%emt 0:08:06]} Nd8 {[%emt 0:00:17]} 21. Bxd8 {[%emt 0:01:57]} Raxd8 {[%emt 0:00:13]} 22. dxe6 {[%emt 0:00:10]} Bxe6 {[%emt 0:00:07]} 23. Rxe6 {[%emt 0:00:15]} Rxd3 {[%emt 0:00:04]} 24. Re7 {[%emt 0:00:10]} Rd1 {[%emt 0:00:12]} 25. Qe3 {[%emt 0:04:32]} Rxe1+ {[%emt 0:00:41]} 26. Qxe1 {[%emt 0:00:01]} Qd5 {[%emt 0:00:45]} 27. c4 {[%emt 0:04:25]} Qxc4 {[%emt 0:03:10]} 28. Qa1 {[%emt 0:02:49]} Rf7 {[%emt 0:00:19]} 29. Re8+ {[%emt 0:00:02]} 1/2-1/2

[Event "11th LCC FIDE Open 2019"]
[Site "London"]
[Date "2019.12.05"]
[Round "8.25"]
[White "Willmoth, Robert F"]
[Black "Akots, Gabor"]
[Result "0-1"]
[WhiteElo "2108"]
[BlackElo "2221"]
[Annotator "NA"]
[PlyCount "54"]
[EventDate "2019.11.29"]
[EventType "swiss"]
[EventCountry "ENG"]
[SourceTitle "playchess.com"]
[Source "ChessBase"]
[SourceQuality "1"]
[TimeControl "40/5400+30:1800+30"]

1. d4 {[%emt 0:00:00]} d5 {[%emt 0:00:00]} 2. Nf3 {[%emt 0:00:00]} Nf6 {[%emt 0:00:00]} 3. Bg5 {[%emt 0:00:00]} Ne4 {[%emt 0:00:36]} 4. Bh4 {[%emt 0:00:08]} h5 {[%emt 0:00:44]} 5. Nfd2 {[%emt 0:09:19]} g5 {[%emt 0:02:33]} 6. Nxe4 {[%emt 0:00:24]} gxh4 {[%emt 0:00:06]} 7. Ned2 {[%emt 0:01:20]} Nc6 {[%emt 0:00:54]} 8. e3 {[%emt 0:02:11]} e5 {[%emt 0:05:31]} 9. dxe5 {[%emt 0:00:05]} Nxe5 {[%emt 0:00:27]} 10. h3 {[%emt 0:00:18]} Bf5 {[%emt 0:05:09]} 11. Nf3 {[%emt 0:07:30]} Nxf3+ {[%emt 0:05:09]} 12. gxf3 {[%emt 0:00:09]} Bg7 {[%emt 0:00:12]} 13. c3 {[%emt 0:00:23]} Qd7 {[%emt 0:00:12]} 14. Na3 {[%emt 0:09:30]} a6 {[%emt 0:07:36]} 15. Qb3 {[%emt 0:07:55]} O-O-O {[%emt 0:06:33]} 16. O-O-O {[%emt 0:01:37]} Rh6 {[%emt 0:07:57]} 17. e4 {[%emt 0:15:17]} Rb6 {[%emt 0:01:08]} 18. Qc2 {[%emt 0:06:55]} Bh6+ {[%emt 0:01:26]} 19. Kb1 {[%emt 0:00:40]} Qe7 {[%emt 0:10:30]} 20. exf5 {[%emt 0:09:06]} Qxa3 {[%emt 0:00:16]} 21. Ka1 {[%emt 0:00:25]} Qc5 {[%emt 0:04:05]} 22. Bd3 {[%emt 0:01:18]} Bg7 {[%emt 0:00:42]} 23. Rc1 {[%emt 0:00:39]} Bf6 {[%emt 0:07:59]} 24. Rhe1 {[%emt 0:00:55]} Qa5 {[%emt 0:01:08]} 25. f4 {[%emt 0:02:41]} c5 {[%emt 0:08:02]} 26. Qe2 {[%emt 0:01:24]} Kb8 {[%emt 0:02:07]} 27. Qxh5 {[%emt 0:08:55]} Rxb2 {[%emt 0:02:03]} 0-1

[Event "11th LCC FIDE Open 2019"]
[Site "London"]
[Date "2019.12.05"]
[Round "8.26"]
[White "Papadiamandis, Elliot"]
[Black "Wilks, Simon"]
[Result "1-0"]
[WhiteElo "2220"]
[BlackElo "2071"]
[Annotator "NA"]
[PlyCount "55"]
[EventDate "2019.11.29"]
[EventType "swiss"]
[EventCountry "ENG"]
[SourceTitle "playchess.com"]
[Source "ChessBase"]
[SourceQuality "1"]
[TimeControl "40/5400+30:1800+30"]

1. e4 {[%emt 2:40:36]} e6 {[%emt 0:07:22]} 2. d4 {[%emt 0:00:25]} d5 {[%emt 0:00:04]} 3. Nd2 {[%emt 0:00:09]} a6 {[%emt 0:00:45]} 4. c3 {[%emt 0:01:44]} c5 {[%emt 0:02:00]} 5. dxc5 {[%emt 0:01:46]} Nf6 {[%emt 0:05:52]} 6. exd5 {[%emt 0:02:34]} Qxd5 {[%emt 0:01:03]} 7. b4 {[%emt 0:02:50]} a5 {[%emt 0:05:44]} 8. Ngf3 {[%emt 0:06:14]} Nc6 {[%emt 0:02:45]} 9. Bc4 {[%emt 0:11:41]} Qh5 {[%emt 0:01:36]} 10. Rb1 {[%emt 0:01:33]} Bd7 {[%emt 0:03:28]} 11. O-O {[%emt 0:01:59]} Be7 {[%emt 0:00:35]} 12. Re1 {[%emt 0:02:24]} O-O {[%emt 0:02:06]} 13. b5 {[%emt 0:00:49]} Na7 {[%emt 0:00:50]} 14. Re5 {[%emt 0:02:34]} Qg6 {[%emt 0:00:36]} 15. Rg5 {[%emt 0:03:53]} Qh6 {[%emt 0:00:10]} 16. Nf1 {[%emt 0:01:33]} Rfd8 {[%emt 0:11:10]} 17. Qe2 {[%emt 0:07:01]} g6 {[%emt 0:02:37]} 18. c6 {[%emt 0:01:20]} bxc6 {[%emt 0:09:50]} 19. b6 {[%emt 0:01:07]} Qf8 {[%emt 0:00:27]} 20. bxa7 {[%emt 0:00:52]} Rxa7 {[%emt 0:00:57]} 21. Ne5 {[%emt 0:02:11]} Be8 {[%emt 0:01:52]} 22. Rg3 {[%emt 0:01:09]} Nd5 {[%emt 0:03:13]} 23. Bxd5 {[%emt 0:04:39]} cxd5 {[%emt 0:00:51]} 24. Be3 {[%emt 0:01:33]} Raa8 {[%emt 0:02:18]} 25. Ng4 {[%emt 0:02:32]} f6 {[%emt 0:05:56]} 26. Bh6 {[%emt 0:05:44]} Qf7 {[%emt 0:00:07]} 27. Bg5 {[%emt 0:00:27]} Kh8 {[%emt 0:01:45]} 28. Rf3 {[%emt 0:00:36]} 1-0

[Event "11th LCC FIDE Open 2019"]
[Site "London"]
[Date "2019.12.05"]
[Round "8.27"]
[White "Marusenko, Petr"]
[Black "Dong, Bao Nghia"]
[Result "0-1"]
[WhiteElo "2085"]
[BlackElo "2217"]
[Annotator "NA"]
[PlyCount "58"]
[EventDate "2019.11.29"]
[EventType "swiss"]
[EventCountry "ENG"]
[SourceTitle "playchess.com"]
[Source "ChessBase"]
[SourceQuality "1"]
[TimeControl "40/5400+30:1800+30"]

1. d4 {[%emt 0:00:00]} Nf6 {[%emt 0:22:46]} 2. c4 {[%emt 0:00:00]} c5 {[%emt 0:00:13]} 3. d5 {[%emt 0:00:00]} b5 {[%emt 0:00:05]} 4. cxb5 {[%emt 0:00:00]} a6 {[%emt 0:00:02]} 5. bxa6 {[%emt 0:00:00]} Bxa6 {[%emt 0:00:02]} 6. g3 {[%emt 0:00:07]} d6 {[%emt 0:00:04]} 7. Bg2 {[%emt 0:00:09]} g6 {[%emt 0:00:05]} 8. b3 {[%emt 0:00:03]} Bg7 {[%emt 0:00:04]} 9. Bb2 {[%emt 0:00:02]} O-O {[%emt 0:00:14]} 10. Nf3 {[%emt 0:00:06]} Qa5+ {[%emt 0:01:40]} 11. Bc3 {[%emt 0:00:13]} Qb5 {[%emt 0:00:03]} 12. Nfd2 {[%emt 0:19:06]} Qb7 {[%emt 0:04:04]} 13. O-O {[%emt 0:11:58]} Nbd7 {[%emt 0:00:41]} 14. Nc4 {[%emt 0:01:16]} Bxc4 {[%emt 0:00:20]} 15. bxc4 {[%emt 0:00:06]} Nb6 {[%emt 0:00:13]} 16. a4 {[%emt 0:09:25]} Nxc4 {[%emt 0:00:40]} 17. a5 {[%emt 0:00:22]} Rfb8 {[%emt 0:00:30]} 18. Nd2 {[%emt 0:01:40]} Qa6 {[%emt 0:02:58]} 19. Re1 {[%emt 0:04:58]} Nxd2 {[%emt 0:04:03]} 20. Qxd2 {[%emt 0:00:11]} Rb3 {[%emt 0:00:04]} 21. Rac1 {[%emt 0:01:15]} Nd7 {[%emt 0:01:41]} 22. Bxg7 {[%emt 0:00:22]} Kxg7 {[%emt 0:00:03]} 23. Ra1 {[%emt 0:04:02]} Ne5 {[%emt 0:04:08]} 24. Ra4 {[%emt 0:03:23]} Rab8 {[%emt 0:01:18]} 25. Bf1 {[%emt 0:05:57]} Rb2 {[%emt 0:01:18]} 26. Qc1 {[%emt 0:00:22]} c4 {[%emt 0:04:16]} 27. h3 {[%emt 0:04:43]} R8b3 {[%emt 0:01:01]} 28. Kh2 {[%emt 0:00:39]} Qa7 {[%emt 0:00:20]} 29. Kg2 {[%emt 0:00:59]} Rf3 {[%emt 0:00:33]} 0-1

[Event "11th LCC FIDE Open 2019"]
[Site "London"]
[Date "2019.12.05"]
[Round "8.28"]
[White "Balaji, Aaravamudhan"]
[Black "Rocco, Federico"]
[Result "1-0"]
[WhiteElo "2080"]
[BlackElo "2207"]
[Annotator "NA"]
[PlyCount "61"]
[EventDate "2019.11.29"]
[EventType "swiss"]
[EventCountry "ENG"]
[SourceTitle "playchess.com"]
[Source "ChessBase"]
[SourceQuality "1"]
[TimeControl "40/5400+30:1800+30"]

1. d4 {[%emt 0:00:00]} Nf6 {[%emt 0:00:52]} 2. c4 {[%emt 0:00:00]} e6 {[%emt 0:00:04]} 3. Nc3 {[%emt 0:00:11]} Bb4 {[%emt 0:00:06]} 4. a3 {[%emt 0:00:03]} Bxc3+ {[%emt 0:00:05]} 5. bxc3 {[%emt 0:00:03]} c5 {[%emt 0:00:52]} 6. e3 {[%emt 0:00:09]} O-O {[%emt 0:01:38]} 7. Bd3 {[%emt 0:00:12]} d6 {[%emt 0:00:27]} 8. Ne2 {[%emt 0:00:29]} Nc6 {[%emt 0:00:22]} 9. e4 {[%emt 0:01:23]} b6 {[%emt 0:02:28]} 10. Bg5 {[%emt 0:01:55]} e5 {[%emt 0:03:32]} 11. d5 {[%emt 0:09:30]} Na5 {[%emt 0:00:07]} 12. O-O {[%emt 0:04:27]} h6 {[%emt 0:04:31]} 13. Bh4 {[%emt 0:05:12]} Ba6 {[%emt 0:01:38]} 14. f4 {[%emt 0:01:41]} exf4 {[%emt 0:00:42]} 15. Nxf4 {[%emt 0:00:35]} g5 {[%emt 0:03:23]} 16. Nh5 {[%emt 0:02:19]} Ne8 {[%emt 0:01:50]} 17. e5 {[%emt 0:07:57]} Bxc4 {[%emt 0:13:18]} 18. Nf6+ {[%emt 0:13:23]} Nxf6 {[%emt 0:26:47]} 19. exf6 {[%emt 0:00:14]} Qe8 {[%emt 0:02:41]} 20. Re1 {[%emt 0:09:13]} Qd8 {[%emt 0:05:27]} 21. Bxg5 {[%emt 0:03:18]} Re8 {[%emt 0:02:27]} 22. Rxe8+ {[%emt 0:13:44]} Qxe8 {[%emt 0:00:06]} 23. Bf4 {[%emt 0:01:00]} Qc8 {[%emt 0:14:24]} 24. Bxc4 {[%emt 0:02:09]} Nxc4 {[%emt 0:04:26]} 25. Qd3 {[%emt 0:03:32]} Ne5 {[%emt 0:01:54]} 26. Bxe5 {[%emt 0:00:25]} dxe5 {[%emt 0:00:05]} 27. Qg3+ {[%emt 0:00:38]} Kf8 {[%emt 0:00:04]} 28. Qg7+ {[%emt 0:00:47]} Ke8 {[%emt 0:00:05]} 29. Rd1 {[%emt 0:04:20]} Kd8 {[%emt 0:02:01]} 30. Qxf7 {[%emt 0:01:34]} Qd7 {[%emt 0:00:26]} 31. Qg8+ {[%emt 0:00:28]} 1-0

[Event "11th LCC FIDE Open 2019"]
[Site "London"]
[Date "2019.12.05"]
[Round "8.29"]
[White "Manfay, Mate"]
[Black "Orgler, Philipp"]
[Result "1/2-1/2"]
[WhiteElo "2197"]
[BlackElo "2047"]
[Annotator "TA"]
[PlyCount "86"]
[EventDate "2019.11.29"]
[EventType "swiss"]
[EventCountry "ENG"]
[SourceTitle "playchess.com"]
[Source "ChessBase"]
[SourceQuality "1"]

{[%evp 18,86,29,29,26,26,21,18,18,17,33,27,47,16,35,36,40,29,51,31,31,44,47,56,44,54,49,55,93,84,92,87,101,68,67,40,72,79,76,0,42,27,41,35,32,41,76,61,75,73,66,16,14,0,0,0,0,0,0,0,0,0,0,0,0,0,0,0,0,0,0]} 1. c4 e6 2. Nf3 d5 3. g3 c5 4. Bg2 Nc6 5. cxd5 exd5 6. d4 Nf6 7. O-O Be7 8. Nc3 O-O 9. dxc5 Bxc5 10. a3 Ne4 {D34: Tarrasch Defence: 6 g3 Nf6 7 Bg2 Be7} 11. Nxd5 {next Bf4 is good for White.} Be6 12. Nc3 Nxc3 13. bxc3 Qxd1 14. Rxd1 Rfd8 {[#]} 15. Re1 $146 (15. Bf4 {is more complex.} Rxd1+ 16. Rxd1 Bxa3 17. Nd4 Rd8 18. Bxc6 bxc6 19. Ra1) ({Predecessor:} 15. Bf4 Rxd1+ 16. Rxd1 Bxa3 17. Nd4 Rd8 18. Bxc6 bxc6 {1-0 (81) Giri,A (2730)-Kopylov,M (2473) Germany 2012}) 15... h6 16. a4 Na5 17. e3 Bd5 18. Ba3 Bxa3 19. Rxa3 Nc4 20. Raa1 Rac8 21. Red1 b6 22. Rd4 Bxf3 23. Bxf3 Ne5 24. Be4 Re8 25. Rc1 Rc5 26. Kg2 Rec8 27. Bf5 Re8 28. Be4 ({Better is} 28. Bd7 $16 Re7 29. Bb5) 28... g6 29. h3 Rec8 30. f4 Nc4 31. Kf2 Ra5 32. Bc2 Rc7 33. Bb3 Rac5 34. Bxc4 Rxc4 {The position is equal.} 35. Ke2 Rxc3 36. Rxc3 Rxc3 $11 {[%mdl 4096] Endgame KR-KR} 37. Rd7 a5 38. Rd4 Ra3 39. g4 Kg7 40. g5 hxg5 41. fxg5 Ra1 42. h4 Kf8 43. Re4 Rb1 {Accuracy: White = 68%, Black = 44%.} 1/2-1/2

[Event "11th LCC FIDE Open 2019"]
[Site "London"]
[Date "2019.12.05"]
[Round "8.30"]
[White "Eche, Sylvain"]
[Black "Smith, Andrew Philip"]
[Result "0-1"]
[WhiteElo "2054"]
[BlackElo "2172"]
[Annotator "RC"]
[PlyCount "136"]
[EventDate "2019.11.29"]
[EventType "swiss"]
[EventCountry "ENG"]
[SourceTitle "playchess.com"]
[Source "ChessBase"]
[SourceQuality "1"]
[TimeControl "40/5400+30:1800+30"]

1. e4 {[%emt 0:00:00]} e5 {[%emt 0:07:57]} 2. Nf3 {[%emt 0:00:00]} d6 {[%emt 0:00:06]} 3. d4 {[%emt 0:00:00]} Nd7 {[%emt 0:00:09]} 4. Bc4 {[%emt 0:00:57]} c6 {[%emt 0:00:56]} 5. a4 {[%emt 0:03:37]} Qf6 {[%emt 0:02:44]} 6. Nc3 {[%emt 0:04:36]} h6 {[%emt 0:00:28]} 7. b3 {[%emt 0:05:30]} Ne7 {[%emt 0:05:49]} 8. Bb2 {[%emt 0:10:11]} Ng6 {[%emt 0:05:19]} 9. Ne2 {[%emt 0:07:25]} Nb6 {[%emt 0:04:07]} 10. Bd3 {[%emt 0:04:25]} Bg4 {[%emt 0:00:48]} 11. Qd2 {[%emt 0:01:56]} Bxf3 {[%emt 0:04:32]} 12. gxf3 {[%emt 0:00:08]} Nh4 {[%emt 0:00:29]} 13. O-O-O {[%emt 0:01:01]} Nxf3 {[%emt 0:02:19]} 14. Qe3 {[%emt 0:06:30]} Qg5 {[%emt 0:06:51]} 15. h4 {[%emt 0:07:23]} Qxe3+ {[%emt 0:07:35]} 16. fxe3 {[%emt 0:00:02]} Be7 {[%emt 0:00:47]} 17. Rdf1 {[%emt 0:03:46]} Nxh4 {[%emt 0:01:54]} 18. dxe5 {[%emt 0:00:49]} dxe5 {[%emt 0:02:08]} 19. Bxe5 {[%emt 0:01:06]} O-O {[%emt 0:01:31]} 20. Ng3 {[%emt 0:05:57]} Nd7 {[%emt 0:10:26]} 21. Bb2 {[%emt 0:01:03]} Bg5 {[%emt 0:00:30]} 22. Nh5 {[%emt 0:04:49]} f6 {[%emt 0:09:07]} 23. Bc4+ {[%emt 0:04:19]} Kh7 {[%emt 0:01:21]} 24. Nf4 {[%emt 0:04:03]} Rae8 {[%emt 0:12:01]} 25. Ne6 {[%emt 0:03:18]} Rh8 {[%emt 0:00:44]} 26. e5 {[%emt 0:08:45]} Bxe3+ {[%emt 0:10:48]} 27. Kb1 {[%emt 0:00:19]} b5 {[%emt 0:01:16]} 28. axb5 {[%emt 0:02:16]} cxb5 {[%emt 0:00:02]} 29. Nxg7 {[%emt 0:06:05]} Rxe5 {[%emt 0:01:04]} 30. Bxe5 {[%emt 0:02:10]} Nxe5 {[%emt 0:00:01]} 31. Bxb5 {[%emt 0:01:08]} Kxg7 {[%emt 0:00:30]} 32. Rxh4 {[%emt 0:00:10]} Rb8 {[%emt 0:00:27]} 33. Be2 {[%emt 0:00:35]} Bg5 {[%emt 0:00:19]} 34. Ra4 {[%emt 0:00:12]} Rb7 {[%emt 0:00:14]} 35. Rd1 {[%emt 0:00:29]} Be3 {[%emt 0:00:51]} 36. Rd8 {[%emt 0:01:20]} Kg6 {[%emt 0:00:28]} 37. Ra6 {[%emt 0:00:38]} Bb6 {[%emt 0:00:40]} 38. Rd6 {[%emt 0:00:29]} Nf7 {[%emt 0:01:05]} 39. Bd3+ {[%emt 0:00:55]} Kg5 {[%emt 0:00:25]} 40. Rd5+ {[%emt 0:00:48]} Ne5 {[%emt 0:00:03]} 41. Ra4 {[%emt 0:03:11]} h5 {[%emt 0:00:26]} 42. Be4 {[%emt 0:03:44]} Rc7 {[%emt 0:03:26]} 43. Kb2 {[%emt 0:02:08]} h4 {[%emt 0:00:38]} 44. Bg2 {[%emt 0:00:53]} Be3 {[%emt 0:01:07]} 45. c4 {[%emt 0:02:45]} Kf4 {[%emt 0:00:54]} 46. Ra6 {[%emt 0:02:49]} Rf7 {[%emt 0:01:29]} 47. Rd8 {[%emt 0:01:57]} Kg3 {[%emt 0:00:32]} 48. Bd5 {[%emt 0:02:01]} Rg7 {[%emt 0:11:50]} 49. Rxf6 {[%emt 0:02:13]} Bg5 {[%emt 0:00:33]} 50. Rf1 {[%emt 0:02:18]} Nxc4+ {[%emt 0:02:45]} 51. bxc4 {[%emt 0:02:06]} Bxd8 {[%emt 0:00:25]} 52. Rg1+ {[%emt 0:00:08]} Kf2 {[%emt 0:01:47]} 53. Rxg7 {[%emt 0:01:26]} Bf6+ {[%emt 0:00:07]} 54. Kb3 {[%emt 0:02:25]} Bxg7 {[%emt 0:00:02]} 55. c5 {[%emt 0:01:19]} Be5 {[%emt 0:07:42]} 56. Kc4 {[%emt 0:02:35]} a6 {[%emt 0:01:00]} 57. Bb7 {[%emt 0:01:38]} a5 {[%emt 0:00:05]} 58. Kb5 {[%emt 0:01:02]} Bc7 {[%emt 0:00:10]} 59. Kc6 {[%emt 0:00:29]} Bd8 {[%emt 0:01:06]} 60. Kd7 {[%emt 0:01:40]} Bg5 {[%emt 0:00:07]} 61. Ke6 {[%emt 0:01:25]} h3 {[%emt 0:01:13]} 62. Kf5 {[%emt 0:00:27]} Bd8 {[%emt 0:00:43]} 63. Ke6 {[%emt 0:00:56]} h2 {[%emt 0:00:28]} 64. Kd7 {[%emt 0:00:14]} Bg5 {[%emt 0:00:13]} 65. c6 {[%emt 0:00:51]} Bf4 {[%emt 0:00:06]} 66. c7 {[%emt 0:00:12]} Bxc7 {[%emt 0:00:13]} 67. Kxc7 {[%emt 0:00:02]} a4 {[%emt 0:00:14]} 68. Kb6 {[%emt 0:00:13]} a3 {[%emt 0:00:06]} 0-1

[Event "11th LCC FIDE Open 2019"]
[Site "London"]
[Date "2019.12.05"]
[Round "8.31"]
[White "Ogunshola, Olugbemiga (Ben)"]
[Black "Semprun Martinez, Fernando"]
[Result "1-0"]
[WhiteElo "2169"]
[BlackElo "2071"]
[Annotator "TA"]
[PlyCount "71"]
[EventDate "2019.11.29"]
[EventType "swiss"]
[EventCountry "ENG"]
[SourceTitle "playchess.com"]
[Source "ChessBase"]
[SourceQuality "1"]

{[%evp 21,75,0,0,-4,0,-30,-26,-35,-27,-27,-23,-43,0,0,0,-6,10,10,27,11,6,0,31,-4,16,0,73,16,108,100,191,133,131,48,27,14,12,0,0,0,0,0,577,572,531,491,29972,12843,12647,12070,7863,5704,4810,4802,4690,1819]} 1. c4 e5 2. Nc3 Nf6 3. Nf3 Nc6 4. g3 Bb4 5. Bg2 O-O 6. O-O e4 7. Ng5 Bxc3 8. bxc3 Re8 9. d3 exd3 10. exd3 h6 11. Ne4 b6 12. Rb1 {A29: English Opening: Four Knights Variation with 4 g3} Bb7 (12... Nxe4 13. Bxe4 Bb7 14. Bd5 Qf6 15. Bf4 d6 16. Qa4 Na5 17. Bxb7 Nxb7 {0-1 (42) Cornette,M (2485)-Pelletier,Y (2589) La Roche sur Yon 2007}) 13. Rb5 Nxe4 14. Bxe4 {Black has an edge.} Na5 15. Bxb7 Nxb7 16. Qg4 Re6 $146 (16... Qf6 {is more complex.} 17. Be3 Rad8 18. Rf5 Qe6 19. Rf4 f6) ({Predecessor:} 16... Qf6 17. Be3 Rad8 18. Bd4 Qg6 19. Qf3 Nd6 {½-½ (68) Ramnath,B (2352)-Nolte,R (2453) Petaling Jaya 2013}) 17. Rh5 Rg6 18. Qf3 $36 {[%mdl 2048] White has the initiative.} Nd6 19. c5 bxc5 20. Rxc5 c6 21. Be3 Rb8 22. a4 Rb3 23. Rc1 Nb7 (23... Re6 $11 {remains equal.}) 24. Rf5 (24. Re5 $16) 24... Qe7 (24... Nd6 $11) 25. Bxa7 $16 Qa3 (25... Nd6 $16) 26. Rd1 (26. Re1 $18 Re6 27. Rxe6 fxe6 28. Rf7) 26... Nd8 27. Bc5 ({White should try} 27. a5 $16) 27... Qxa4 $14 28. Bb4 {[#] Ra5 is the strong threat.} d5 $1 29. Re1 {aiming for Re8+.} Re6 30. Rxe6 {White wants to mate with Re8+.} Nxe6 31. Rxf7 {Threatens to win with Re7.} Rxb4 $4 {[%mdl 8192]} (31... Qa1+ $11 {and Black is okay.} 32. Kg2 Rb1 33. Rf8+ Nxf8 34. Qxf8+ Kh7) 32. cxb4 $18 Qxb4 $11 {[%mdl 4096] [#] Endgame And now ...Ng5 would win. KQR-KQN} 33. Rd7 {Hoping for Qf7+.} Qe1+ (33... Qf8 $142 34. Qe3 Qf5) 34. Kg2 $18 Qe5 {White is clearly winning.} 35. Qf7+ Kh7 36. h4 {Played: Rd7-e7} 1-0